| 000 | 00382nam a22001457a 4500 | ||
|---|---|---|---|
| 003 | SGT | ||
| 082 |
_a617 _bS22A |
||
| 100 | _aASOPA, JAYUM | ||
| 245 | _aA STUDY OF THE ASSOCIATION OF SERUM BILIRUBIN LEVELS IN ACUTE APPENDICITIS AND APPENDICULAR PERFORATION | ||
| 260 |
_aSGTU _bGURUGRAM _c2022 |
||
| 300 | _a65 | ||
| 650 | _aGENERAL SURGERY | ||
| 653 | _aMS | ||
| 942 |
_2ddc _cTH |
||
| 999 |
_c33192 _d33192 |
||